000 005380000a22002170004500
003 LK-CoMWRAF
005 20230930001717.0
008 230817t ||||| |||| 00| 0 eng d
020 _a8120727711
040 _aLK-CoMWRAF
_dLK-CoMWRAF
_eLK-CoMWRAF
041 _aeng
082 _a242.802
_bVAS
100 _aVaswani, J.P.
245 _aYou are not alone :
_bGod is with You
260 _aNew Delhi :
_bSterling,
_c2004
300 _a96p
650 _aHeaven
650 _aIs God 'Dead'?
650 _aPilgrims of Peace
942 _cBK
999 _c821
_d821